Wszystkie gminy w powiecie słupskim - Statystyki

Ogólne statystyki
  • Ten quiz został rozwiązany 7 razy
  • Średni wynik to 10 z 14
Statystyki odpowiedzi
Gmina Odpowiedź % Poprawnych
Gmina Miejska Ustka
100%
Gmina Wiejska Ustka
100%
Gmina Miejsko-Wiejska Kępice
83%
Miasto Kępice
83%
Obszar Wiejski Kępice
83%
Gmina Miejsko-Wiejska Kobylnica
83%
Miasto Kobylnica
83%
Obszar Wiejski Kobylnica
83%
Gmina Wiejska Damnica
67%
Gmina Wiejska Dębnica Kaszubska
67%
Gmina Wiejska Główczyce
67%
Gmina Wiejska Smołdzino
67%
Gmina Wiejska Potęgowo
33%
Gmina Wiejska Redzikowo
33%
Nie znaleziono quizów pasujących do podanych kryteriów
Rozkład punktacji
Procent ludzi z każdym wynikiem
Percentyl według liczby udzielonych odpowiedzi
Twoja historia wyników
Nie rozwiązałeś tego quizu